000
00318nam a22001457a 4500
008
230613b ||||| |||| 00| 0 eng d
020
_a
9781572307250
041
_a
eng
080
_a
159.9
082
_a
159.9HAM
100
_a
25
101
_a
PSI
245
_a
HANDBOOK OF DEPRESSION
_c
HAMMEN .G
942
_2
udc
_c
BK
999
_c
59948
_d
59948